<?xml version="1.0" encoding="UTF-8"?>
<record
    xmlns:xsi="http://www.w3.org/2001/XMLSchema-instance"
    xsi:schemaLocation="http://www.loc.gov/MARC21/slim http://www.loc.gov/standards/marcxml/schema/MARC21slim.xsd"
    xmlns="http://www.loc.gov/MARC21/slim">

  <leader>01582cam a2200289 a 4500</leader>
  <controlfield tag="001">83291</controlfield>
  <controlfield tag="003">BD-RjUL</controlfield>
  <controlfield tag="005">20240311102552.0</controlfield>
  <controlfield tag="008">240311s1953    pk b     b    000 0 urdo </controlfield>
  <datafield tag="035" ind1=" " ind2=" ">
    <subfield code="a">(BD-RjUL)83291</subfield>
  </datafield>
  <datafield tag="040" ind1=" " ind2=" ">
    <subfield code="a">DLC</subfield>
    <subfield code="c">DLC</subfield>
    <subfield code="d">DLC</subfield>
    <subfield code="b">eng</subfield>
  </datafield>
  <datafield tag="041" ind1=" " ind2=" ">
    <subfield code="a">URD</subfield>
  </datafield>
  <datafield tag="082" ind1=" " ind2=" ">
    <subfield code="2">23</subfield>
    <subfield code="a">954.03</subfield>
    <subfield code="b">FAT 1953</subfield>
  </datafield>
  <datafield tag="100" ind1="2" ind2=" ">
    <subfield code="a"> &#x641;&#x631;&#x6CC;&#x62F;&#x622;&#x628;&#x627;&#x62F;&#x6CC;&#x66B; &#x633;&#x6CC;&#x62F; &#x6C1;&#x627;&#x634;&#x645;&#x6CC;  ;;  Far&#x12B;d&#x101;b&#x101;d&#x12B;,  Sayyid.H&#x101;shm&#x12B;</subfield>
    <subfield code="9">12187</subfield>
  </datafield>
  <datafield tag="245" ind1="1" ind2="0">
    <subfield code="a">&#x62A;&#x627;&#x631;&#x64A;&#x62E; &#x645;&#x633;&#x644;&#x645;&#x627;&#x646;&#x627;&#x646; &#x67E;&#x627;&#x6A9;&#x633;&#x62A;&#x627;&#x646; &#x648;&#x628;&#x6C1;&#x627;&#x631;&#x62A;  ;; T&#x101;r&#x12B;k&#x332;h&#x332;-i Musalm&#x101;n&#x101;n-i P&#x101;kist&#x101;n o Bh&#x101;rat (Hind) /</subfield>
    <subfield code="c">&#x633;&#x6CC;&#x62F; &#x6C1;&#x627;&#x634;&#x645;&#x6CC; &#x641;&#x631;&#x6CC;&#x62F;&#x622;&#x628;&#x627;&#x62F;&#x6CC;   ;;  Sayyid H&#x101;shm&#x12B; Far&#x12B;d&#x101;b&#x101;d&#x12B;.</subfield>
  </datafield>
  <datafield tag="260" ind1=" " ind2=" ">
    <subfield code="a">Kar&#x101;c&#x12B; :&#x6A9;&#x631;&#x627;&#x686;&#x6CC;:</subfield>
    <subfield code="b">Anjuman-i Taraqq&#x12B;-yi Urd&#x16B; P&#x101;kist&#x101;n,&#x627;&#x646;&#x62C;&#x645;&#x646; &#x62A;&#x631;&#x642;&#x6CC;&#x650; &#x627;&#x631;&#x62F;&#x648; &#x67E;&#x627;&#x6A9;&#x633;&#x62A;&#x627;&#x646; ,</subfield>
    <subfield code="c">1953</subfield>
  </datafield>
  <datafield tag="300" ind1=" " ind2=" ">
    <subfield code="a">v. &lt;1-2   &gt; :</subfield>
    <subfield code="b">maps ;</subfield>
    <subfield code="c">23 cm.</subfield>
  </datafield>
  <datafield tag="490" ind1="1" ind2=" ">
    <subfield code="a">Silsilah-yi mat&#x324;b&#x16B;&#x2BB;&#x101;t-i Anjuman-i Taraqq&#x12B;-yi Urd&#x16B; P&#x101;kist&#x101;n ;&#x633;&#x644;&#x633;&#x644;&#x6C2; &#x645;&#x637;&#x628;&#x648;&#x639;&#x627;&#x62A;&#x650; &#x627;&#x646;&#x62C;&#x645;&#x646;&#x650; &#x62A;&#x631;&#x642;&#x64A; &#x627;&#x631;&#x62F;&#x648; ;; </subfield>
    <subfield code="v">nambar 461, 464-</subfield>
  </datafield>
  <datafield tag="500" ind1=" " ind2=" ">
    <subfield code="a">In Urdu.</subfield>
  </datafield>
  <datafield tag="504" ind1=" " ind2=" ">
    <subfield code="a">Includes bibliographical references.</subfield>
  </datafield>
  <datafield tag="505" ind1="1" ind2=" ">
    <subfield code="a">Vol. 1. &#x2BB;Ahd-i kishvar kush&#x101;&#x2BC;&#x12B; : Mu&#x1E25;ammad ibn Q&#x101;sim se Aurangzeb &#x2BB;&#x100;lamg&#x12B;r tak, ma&#x2BB;ah muqaddamah, Zam&#x101;nah-yi m&#x101; qabl-i Isl&#x101;m -- v. 2. Ta&#x1E25;r&#x12B;k&#x101;t-i mill&#x12B;, 1707 t&#x101; 1952.</subfield>
  </datafield>
  <datafield tag="520" ind1=" " ind2=" ">
    <subfield code="a">History of Muslim rule in South Asia.</subfield>
  </datafield>
  <datafield tag="650" ind1=" " ind2="0">
    <subfield code="a">Muslims</subfield>
    <subfield code="x">South Asia</subfield>
    <subfield code="x">History.</subfield>
    <subfield code="9">12188</subfield>
  </datafield>
  <datafield tag="651" ind1=" " ind2="0">
    <subfield code="a">South Asia</subfield>
    <subfield code="x">History.</subfield>
    <subfield code="9">3287</subfield>
  </datafield>
  <datafield tag="830" ind1=" " ind2="0">
    <subfield code="a">Silsilah-yi mat&#x324;b&#x16B;&#x2BB;&#x101;t-i Anjuman-i Taraqq&#x12B;-yi Urd&#x16B; P&#x101;kist&#x101;n ;&#x633;&#x644;&#x633;&#x644;&#x6C2; &#x645;&#x637;&#x628;&#x648;&#x639;&#x627;&#x62A;&#x650; &#x627;&#x646;&#x62C;&#x645;&#x646;&#x650; &#x62A;&#x631;&#x642;&#x64A; &#x627;&#x631;&#x62F;&#x648; ;; </subfield>
    <subfield code="v">shum&#x101;rah 461, etc.</subfield>
    <subfield code="9">12189</subfield>
  </datafield>
  <datafield tag="942" ind1=" " ind2=" ">
    <subfield code="2">ddc</subfield>
    <subfield code="c">BK</subfield>
  </datafield>
  <datafield tag="999" ind1=" " ind2=" ">
    <subfield code="c">83291</subfield>
    <subfield code="d">83291</subfield>
  </datafield>
  <datafield tag="952" ind1=" " ind2=" ">
    <subfield code="0">0</subfield>
    <subfield code="1">0</subfield>
    <subfield code="2">ddc</subfield>
    <subfield code="4">0</subfield>
    <subfield code="7">1</subfield>
    <subfield code="8">NFIC</subfield>
    <subfield code="a">RUCL</subfield>
    <subfield code="b">RUCL</subfield>
    <subfield code="c">Reading</subfield>
    <subfield code="d">2024-03-11</subfield>
    <subfield code="o">U 954.03 FAT V-2 1953</subfield>
    <subfield code="r">2024-03-11 00:00:00</subfield>
    <subfield code="t">C-1</subfield>
    <subfield code="y">BK</subfield>
  </datafield>
</record>
